The noble scholar, jurist, historian


 His Excellency Dr. Abdul Wahhab bin Ibrahim Abu Sulaiman, may Allah have mercy on him.


 He was born in Umm Al-Qura in the year 1356 AH.

المنهيات / (Record no. 10785)

MARC details
000 -LEADER
fixed length control field 03761cam a22003371i 4500
003 - CONTROL NUMBER IDENTIFIER
control field SA-RiAUC
005 - DATE AND TIME OF LATEST TRANSACTION
control field 20250815110627.0
008 - FIXED-LENGTH DATA ELEMENTS--GENERAL INFORMATION
fixed length control field 250813s1986 ua g f000 0 ara c
040 ## - CATALOGING SOURCE
Original cataloging agency AE-AiULD
Language of cataloging ara
Transcribing agency SA-RiAUC
Description conventions rda
082 04 - DEWEY DECIMAL CLASSIFICATION NUMBER
Classification number 212.1
Assigning agency SA-RiAUC
090 ## - LOCALLY ASSIGNED LC-TYPE CALL NUMBER (OCLC); LOCAL CALL NUMBER (RLIN)
Classification number (OCLC) (R) ; Classification number, CALL (RLIN) (NR) 212.1
Local cutter number (OCLC) ; Book number/undivided call number, CALL (RLIN) ح ك ي
100 1# - MAIN ENTRY--PERSONAL NAME
Personal name الحكيم الترمذي، محمد بن علي بن الحسن،
Dates associated with a name توفي حوالي 320 هجري
Relator term مؤلف.
245 12 - TITLE STATEMENT
Title المنهيات /
Statement of responsibility, etc. أبي عبد الله محمد بن علي الحكيم الترمذي ؛ دراسة وتحقيق محمد عثمان الخشت.
264 #1 - PRODUCTION, PUBLICATION, DISTRIBUTION, MANUFACTURE, AND COPYRIGHT NOTICE
Place of production, publication, distribution, manufacture القاهرة :
Name of producer, publisher, distributor, manufacturer مكتبة القرآن،
Date of production, publication, distribution, manufacture, or copyright notice 1986.
300 ## - PHYSICAL DESCRIPTION
Extent 263 صفحة ؛
Dimensions 24 سم.
336 ## - CONTENT TYPE
Content type term نص
Content type code txt
Source rdacontent
Materials specified كتاب
337 ## - MEDIA TYPE
Media type term بدون وسيط
Media type code n
Source rdamedia
338 ## - CARRIER TYPE
Carrier type term مجلد
Carrier type code nc
Source rdacarrier
490 0# - SERIES STATEMENT
Series statement اخترت لك من التراث
650 #7 - SUBJECT ADDED ENTRY--TOPICAL TERM
Topical term or geographic name entry element الأمر بالمعروف والنهي عن المنكر
Source of heading or term aucsh
650 #7 - SUBJECT ADDED ENTRY--TOPICAL TERM
Topical term or geographic name entry element الثواب والعقاب
Source of heading or term aucsh
650 #7 - SUBJECT ADDED ENTRY--TOPICAL TERM
Topical term or geographic name entry element الوعظ والإرشاد
Source of heading or term aucsh
700 1# - ADDED ENTRY--PERSONAL NAME
Personal name الخشت، محمد عثمان،
Dates associated with a name 1964-
Relator term محقق.
700 12 - ADDED ENTRY--PERSONAL NAME
Relationship information تحقيق لـ (عمل) :
Personal name الحكيم الترمذي، محمد بن علي بن الحسن،
Dates associated with a name توفي حوالي 320 هجري
Title of a work المنهيات.
856 ## - ELECTRONIC LOCATION AND ACCESS
Uniform Resource Identifier <a href="http://www.alwaraq.net/Core/waraq/coverpage?bookid=1102&amp;option=1">http://www.alwaraq.net/Core/waraq/coverpage?bookid=1102&amp;option=1</a>
Link text External Link
Access method نرجو الانتباه لإمكانية وجود اختلاف في الطبعة أو الناشر بين البيانات على البوابة وما ستجده على الكتاب نظرا لمحدودية المعلومات المتاحة على الموقع الناشر للمادة.
Materials specified Please note that there may be a difference in the edition or publisher between the data on the portal and the book due to the limited information available on the publisher website for the material.
856 ## - ELECTRONIC LOCATION AND ACCESS
Uniform Resource Identifier <a href="http://www.alwaraq.net/Core/AlwaraqSrv/bookpage?book=1102&amp;option=1&fkey=2&page=1">http://www.alwaraq.net/Core/AlwaraqSrv/bookpage?book=1102&amp;option=1&fkey=2&page=1</a>
Link text Digital Copy
Access method نرجو الانتباه لإمكانية وجود اختلاف في الطبعة أو الناشر بين البيانات على البوابة وما ستجده على الكتاب نظرا لمحدودية المعلومات المتاحة على الموقع الناشر للمادة.
Materials specified Please note that there may be a difference in the edition or publisher between the data on the portal and the book due to the limited information available on the publisher website for the material.
856 ## - ELECTRONIC LOCATION AND ACCESS
Uniform Resource Identifier <a href="http://www.alwaraq.net/Core/waraq/coverpage?bookid=1102&.option=1">http://www.alwaraq.net/Core/waraq/coverpage?bookid=1102&.option=1</a>
Link text External Link
Access method نرجو الانتباه لإمكانية وجود اختلاف في الطبعة أو الناشر بين البيانات على البوابة وما ستجده على الكتاب نظرا لمحدودية المعلومات المتاحة على الموقع الناشر للمادة.
Materials specified Please note that there may be a difference in the edition or publisher between the data on the portal and the book due to the limited information available on the publisher website for the material.
856 ## - ELECTRONIC LOCATION AND ACCESS
Uniform Resource Identifier <a href="http://www.alwaraq.net/Core/AlwaraqSrv/bookpage?book=1102&.option=1&fkey=2&page=1">http://www.alwaraq.net/Core/AlwaraqSrv/bookpage?book=1102&.option=1&fkey=2&page=1</a>
Link text Digital Copy
Access method نرجو الانتباه لإمكانية وجود اختلاف في الطبعة أو الناشر بين البيانات على البوابة وما ستجده على الكتاب نظرا لمحدودية المعلومات المتاحة على الموقع الناشر للمادة.
Materials specified Please note that there may be a difference in the edition or publisher between the data on the portal and the book due to the limited information available on the publisher website for the material.
942 ## - ADDED ENTRY ELEMENTS (KOHA)
Source of classification or shelving scheme Dewey Decimal Classification
Koha item type Books
Suppress in OPAC No
949 ## - LOCAL PROCESSING INFORMATION (OCLC)
a SA-JeALM
d 250813
u osman123
n 1
Holdings
Withdrawn status Lost status Source of classification or shelving scheme Damaged status Not for loan Home library Current library Date acquired Total checkouts Full call number Barcode Date last seen Price effective from Koha item type
    Dewey Decimal Classification     DR AbdElwahab Library DR AbdElwahab Library 08/15/2025   212.1 ح ك ي 000017533 08/15/2025 08/15/2025 Books